| 000 | 00384nam a2200145Ia 4500 | ||
|---|---|---|---|
| 008 | 240624s9999 xx 000 0 und d | ||
| 041 | _aeng | ||
| 082 | _a302.201 WIN | ||
| 100 | _aWINDAHL SVEN | ||
| 245 | _aUSING COMMUNICATION THEORY AN INTRODUCTI | ||
| 250 | _a(2nd ed.) | ||
| 260 |
_c2009 _aNew Delhi _bSage Publications |
||
| 300 | _ax, : 302 : p. : cm. ; 23 | ||
| 365 |
_cBPS _b30 |
||
| 999 |
_c12965 _d12965 |
||